| 000 | 00778nam a22001937a 4500 | ||
|---|---|---|---|
| 999 |
_c371687 _d371687 |
||
| 008 | 201127b ||||| |||| 00| 0 eng d | ||
| 040 |
_aDE-2950 _bger _cDE-2950 _erda |
||
| 041 | _ager | ||
| 245 |
_aSanierungsstopp in den Bettenhäusern am Klinikum. _bKrankenhaus: Seit 2015 läuft die umfangreiche Modernisierung in Markendorf. Nun wurde entschieden,die bestehenden Sanierungspläne nicht weiter umzusetzen/ . _cThomas Gutke |
||
| 264 | _c2022 | ||
| 653 | _aFrankfurt (Oder) | ||
| 653 | _aKlinikum | ||
| 653 | _aSanierungsstopp | ||
| 773 |
_dFrankfurt (Oder) Märkisches Verlags- und Druckhaus GmbH & Co KG _tMärkische Oderzeitung _g33. Jahrgang (2022) Nr. 139 vom 17.06.2022, S. 13 |
||
| 942 | _cA | ||